Sports Quiz

Random Sports or MLB Quiz

MLB - Top 30 Under 30 (2019) Quiz Stats

 Plays Quiz not verified by Sporcle

Score 0/30 Timer 03:00
1 Play Today
% Correct
Mike Trout
99.4%
Bryce Harper
96.9%
Jose Altuve
96.6%
Mookie Betts
96.6%
Chris Sale
96.1%
Giancarlo Stanton
95.8%
Anthony Rizzo
95.5%
Kris Bryant
94.6%
Manny Machado
94.4%
Nolan Arenado
94.4%
Freddie Freeman
94.4%
Christian Yelich
93.8%
Salvador Perez
92.7%
Jason Heyward
91.8%
Madison Bumgarner
91.3%
% Correct
Francisco Lindor
91%
Andrelton Simmons
89.6%
George Springer
89.3%
Jose Ramirez
89%
Carlos Correa
88.7%
Anthony Rendon
88.5%
Yasiel Puig
86.2%
Gerrit Cole
84.5%
Marcell Ozuna
82.3%
Kyle Hendricks
79.4%
Starlin Castro
77.7%
Jean Segura
74.6%
Kevin Kiermaier
70.1%
Ender Inciarte
69.6%
Julio Teheran
68.7%

You're not logged in!

Compare scores with friends on all Sporcle quizzes.
OR
Log In

You Might Also Like...

Show Comments

Extras

Top Quizzes Today


Score Distribution

Your Account Isn't Verified!

In order to create a playlist on Sporcle, you need to verify the email address you used during registration. Go to your Sporcle Settings to finish the process.

Report this User

Report this user for behavior that violates our Community Guidelines.

Details: